000 00317nam a22001337a 4500
008 170710b xxu||||| |||| 00| 0 eng d
020 _a9780072120059
041 _aeng
080 _a030
100 _a22
101 _aENC
245 _aENCYCLOPEDIA OF NETWORKING TELECOMUNICATIONS
_cSHELDON.T
942 _2udc
_cBK
999 _c20109
_d20109